00363nam a2200145Ia 4500008004100000041001200041082001600053100001800069245004500087250000800132260003700140300000800177650001500185700001700200221030s9999 xx 000 0 und d aEnglish a105.23bMam aC. B. Mamoria 2aA Text Book of Human Resource Management a4th bHimalaya Pub HouseaMumbaic2005 a398 aManagement aS. V. Gankar